A Practical Guide to Patrimonial Litigation in Divorce Actions / (Record no. 501)

MARC details
000 -LEADER
fixed length control field 00560nam a22001697a 4500
005 - DATE AND TIME OF INPUT
control field 20231110060441.0
008 - DATA ELEMENTS--GENERAL INFORMATION
fixed length control field 231110b |||||||| |||| 00| 0 eng d
020 ## - INTERNATIONAL STANDARD BOOK NUMBER
International Standard Book Number 978409060287 ; 9780409129304
041 ## - LANGUAGE CODE
Language code of text English
082 ## - SHELF NUMBER
DDC number 346.1 VAN
100 ## - MAIN AUTHOR
Main author's name van Niekerk, PA
Language of a work English
245 ## - TITLE STATEMENT
Title A Practical Guide to Patrimonial Litigation in Divorce Actions /
Statement of responsibility, etc. PA van Niekerk
260 ## - PUBLICATION, DISTRIBUTION, ETC.
Place of publication, distribution, etc. Durban :
Name of publisher, distributor, etc. LexisNexis (Pty) Ltd,
Date of publication, distribution, etc. 2016
300 ## - PHYSICAL DESCRIPTION
Other physical details v, 577 pages ;
Dimensions 26 cm.
650 ## - SUBJECT`
Broad subject Legal practice
Own subject terms Law
942 ## - ADDED ENTRY ELEMENTS (KOHA)
Item type Books
942 ## - ADDED ENTRY ELEMENTS (KOHA)
-- ALISON_BN_VRIES
Holdings
Source of classification or shelving scheme Volume number (bound volume or other part) Not for loan Collection code Home library Current library Shelving location Date acquired Full call number Barcode Price effective from Koha item type
Dewey Decimal Classification Star Binder   TEXT BOOKS LAW SOCIETY OF NAMIBIA LIBRARY - WINDHOEK LAW SOCIETY OF NAMIBIA LIBRARY - WINDHOEK Family law 11/10/2023 346.1 VAN LSN/2017/12 11/10/2023 Books